000 00638nam a2200229Ia 4500
003 OSt
005 20220918224219.0
006 a|||||r|||| 00| 0
007 ta
008 220917b |||||||| |||| 00| 0 eng d
024 _a227,223
037 _cTextual
040 _aARTS
_cARTS
_beng
041 _2eng
_aeng
082 _aQ:32, P0 (MIL)
100 _aBhattacharyya N.N.
_96699
245 0 _aIndian demonology
_b the inverted pantheon
260 _aDelhi
_bManohar Publishers & Distributors
_c2000
300 _a234p.
_ccm.
942 _hQ:32, P0 (MIL)
_cTEXL
_2CC
999 _c280590
_d280590